World Capitals with Temperate Climates - Statistics

General Stats
  • This quiz has been taken 33 times
    32 since last reset
  • The average score is 41 of 66
Answer Stats
Type Answer % Correct
Cfb (oceanic) Amsterdam
90%
Cfb (oceanic) Berlin
90%
Cfb (oceanic) Paris
90%
Cfb (oceanic) Brussels
85%
Cfb (oceanic) London
85%
Cwb (subtropical highland) Mexico City
85%
Csa (hot summer Mediterranean) Rome
85%
Cfa (warm temperate) Tokyo
85%
Cfa (warm temperate) Washington D.C.
85%
Csa (hot summer Mediterranean) Ankara
80%
Csa (hot summer Mediterranean) Athens
80%
Cfa (warm temperate) Buenos Aires
80%
Cfb (oceanic) Copenhagen
80%
Cfb (oceanic) Vienna
80%
Cfb (oceanic) Zagreb
80%
Cfb (oceanic) Bern
75%
Cfb (oceanic) Canberra
75%
Csb (warm summer Mediterranean) Cape Town
75%
Cfb (oceanic) Dublin
75%
Cfb (oceanic) Prague
75%
Cfb (oceanic) Wellington
75%
Csa (hot summer Mediterranean) Beirut
70%
Cfa (warm temperate) Belgrade
70%
Cfb (oceanic) Bogota
70%
Csa (hot summer Mediterranean) Jerusalem
70%
Csa (hot summer Mediterranean) Lisbon
70%
Cfb (oceanic) Ljubljana
70%
Cfb (oceanic) Luxembourg
70%
Cfc (subpolar oceanic) Reykjavik
70%
Cfa (warm temperate) Skopje
70%
Csa (hot summer Mediterranean) Vatican City
70%
Cfa (warm temperate) Budapest
65%
Csa (hot summer Mediterranean) Monaco
65%
Cwa (warm temperate with dry winter) Pretoria
65%
Csa (hot summer Mediterranean) Rabat
65%
Csa (hot summer Mediterranean) San Marino
65%
Cfb (oceanic) Sarajevo
65%
Cfa (warm temperate) Tirana
65%
Cfb (oceanic) Vaduz
65%
Csa (hot summer Mediterranean) Algiers
60%
Cfb (oceanic) Andorra la Vella
60%
Cfa (warm temperate) Asunción
60%
Cwb (subtropical highland) La Paz
60%
Cfa (warm temperate) Montevideo
60%
Cfa (warm temperate) Podgorica
60%
Cfb (oceanic) Quito
60%
Cfa (warm temperate) Tbilisi
60%
Csa (hot summer Mediterranean) Tunis
60%
Cfa (warm temperate) Taipei
50%
Csa (hot summer Mediterranean) Valletta
50%
Cwb (subtropical highland) Addis Ababa
45%
Cwb (subtropical highland) Harare
45%
Cwa (warm temperate with dry winter) Hanoi
40%
Cwb (subtropical highland) Nairobi
40%
Cwb (subtropical highland) Antananarivo
35%
Csa (hot summer Mediterranean) Dushanbe
35%
Cwa (warm temperate with dry winter) Islamabad
35%
Cwa (warm temperate with dry winter) Kathmandu
35%
Cwb (subtropical highland) Sucre
35%
Cwb (subtropical highland) Thimphu
35%
Cwa (warm temperate with dry winter) Lilongwe
30%
Cwa (warm temperate with dry winter) Lusaka
30%
Cwb (subtropical highland) Mbabane
30%
Csa (hot summer Mediterranean) Tashkent
30%
Cwb (subtropical highland) Maseru
25%
Cwb (subtropical highland) Gitega
20%
No matching quizzes found
Score Distribution
Percent of People with Each Score
Percentile by Number Answered
Your Score History
You have not taken this quiz since the last reset